| 000 | 00976cad a22002175a 4500 | ||
|---|---|---|---|
| 001 | E149783 | ||
| 008 | 100423s2010 xxkdo f s 000 0 eng d | ||
| 035 | _a(Sirsi) u149783 | ||
| 041 | 0 | _aeng | |
| 050 | 0 | 4 | _a380.1 $2 18 |
| 110 | 2 |
_aEssential Information Group _94336 |
|
| 245 | 0 | 0 |
_aRAPID (residential auction property investment data) _bissue 7: March 2010 _h[electronic resource] |
| 260 |
_aReigate _bEIG _c2010 |
||
| 520 | _aStatistical report concentrates on the impact of the changing economic circumstances in the UK on the auction market and the composition of residential auction sales catalogues. Looks at the progress of the recovery and assured shorthold and regulated tenancy yields. | ||
| 590 | _aKA | ||
| 651 | 4 |
_aUnited Kingdom _y |
|
| 690 |
_aAuctioneering _96218 |
||
| 710 | 1 |
_aAllsop _93151 |
|
| 856 | 4 | 0 |
_uhttps://www.rapidinvestors.co.uk/pdf-files/Allsop_Rapid-7_03.10.pdf _zView the item free of charge online at www.rapidinvestors.co.uk |
| 942 | _n0 | ||
| 999 |
_c110623 _d110623 |
||